O capital: crítica da economia política v.1 (Record no. 185789)

MARC details
000 -LÍDER
campo de controle de tamanho fixo 00431 a2200169 4500
001 - NÚMERO DE CONTROLE
campo de controle 185789
020 ## - ISBN - INTERNATIONAL STANDARD BOOK NUMBER
ISBN - International Standard Book Number 85-200-0467-9
040 ## - FONTE DA CATALOGAÇÃO
Instituição que transcreveu o registro Magnum
100 ## - ENTRADA PRINCIPAL--NOME PESSOAL
Nome pessoal Marx, Karl
240 10 - TÍTULO UNIFORME
Título uniforme O capital: crítica da economia política v.1
Idioma da obra por
245 10 - TÍTULO
Título O capital: crítica da economia política v.1
300 ## - DESCRIÇÃO FÍSICA
Extensão 571
362 0# - DATAS DE PUBLICAÇÃO E/OU DESIGNAÇÃO SEQUENCIAL
Datas de publicação e/ou designação sequencial 2003
440 #1 - DECLARAÇÃO DE SÉRIE/ENTRADA ADICIONADA--TÍTULO
Título Civilização Brasileira
697 ## - ENTRADA DE ASSUNTO LOCAL--ENTIDADE COLETIVA (RLIN)
Nome corporativo ou nome da jurisdição ECONOMIA E DISCIPLINAS AFINS
942 ## - ELEMENTOS DE ENTRADA ADICIONADOS (KOHA)
Tipo de material Koha Livros
Holdings
Situação do descarte Situação das perdas Situação física Não pode ser emprestado Biblioteca de origem Biblioteca atual Data de aquisição Total de empréstimos Número de chamada completo Código de barras Data de último acesso Data do preço efetivo Tipo de material Koha
        Magnum Magnum 08/06/2024   330.1 MAG00050391 08/06/2024 08/06/2024 Livros